[Event "CRO-chT2 Ost"]
[Site "Croatia"]
[Date "2015.10.17"]
[Round "8.43"]
[White "Ljikar, Zoran"]
[Black "Dulic, Grgur"]
[Result "0-1"]
[WhiteElo "2267"]
[BlackElo "2237"]
[PlyCount "106"]
[EventDate "2015.04.25"]
[EventType "team-tourn"]
[EventRounds "11"]
[EventCountry "CRO"]
[SourceTitle "EXT 2016"]
[Source "ChessBase"]
[SourceDate "2015.10.08"]
[SourceVersion "1"]
[SourceVersionDate "2015.10.08"]
[SourceQuality "1"]

1. e4 c5 2. Nc3 Nc6 3. g3 g6 4. Bg2 Bg7 5. d3 e6 6. Be3 d6 7. Qd2 Nd4 8. 0-0-0 Qa5 9. Kb1 Bd7 10. Nce2 Qxd2 11. Rxd2 Ne7 12. c3 Nxe2 13. Nxe2 0-0-0 14. d4 b6 15. f4 Bc6 16. c4 Nf5 17. Bf2 Nxd4 18. Nxd4 cxd4 19. Bxd4 Bxd4 20. Rxd4 f5 21. Re1 e5 22. Rd2 exf4 23. gxf4 Rhe8 24. Rde2 Bxe4+ 25. Bxe4 Rxe4 26. Rxe4 fxe4 27. Rxe4 Kd7 28. Kc2 Rf8 29. Kd3 Rf5 30. b3 a5 31. Kd4 Kc6 32. Kd3 Kc5 33. Re7 d5 34. Rc7+ Kd6 35. Rxh7 Rxf4 36. Rg7 dxc4+ 37. bxc4 Rg4 38. a3 Kc6 39. Rg8 b5 40. Rc8+ Kb7 41. Rc5 bxc4+ 42. Rxc4 Rg2 43. Rf4 Rxh2 44. Kc4 Rg2 45. Rf7+ Kc6 46. Rf6+ Kd7 47. Ra6 Rg4+ 48. Kd5 Ke7 49. Ra7+ Kf6 50. Ra6+ Kg7 51. Ra7+ Kh6 52. Ke5 Ra4 53. Ra8 Kg5 0-1

[Event "CRO-chT2 Ost"]
[Site "Osijek"]
[Date "2012.10.06"]
[Round "8.42"]
[White "Rosic, Slavko S"]
[Black "Dulic, Grgur"]
[Result "1-0"]
[WhiteElo "2228"]
[BlackElo "2268"]
[PlyCount "87"]
[EventDate "2012.04.21"]
[EventType "team-tourn"]
[EventRounds "11"]
[EventCountry "CRO"]
[SourceTitle "EXT 2014"]
[Source "ChessBase"]
[SourceDate "2013.11.20"]
[SourceVersion "1"]
[SourceVersionDate "2013.11.20"]
[SourceQuality "1"]

1. e4 c5 2. Nf3 d6 3. d4 cxd4 4. Nxd4 Nf6 5. Nc3 a6 6. Bg5 Nc6 7. Nxc6 bxc6 8. Bc4 Qa5 9. Qd2 e6 10. 0-0-0 Be7 11. Kb1 Rb8 12. Bb3 h6 13. Bxf6 gxf6 14. f4 h5 15. g3 Qb6 16. h3 Bd7 17. g4 c5 18. Qe2 Bb5 19. Nxb5 axb5 20. c4 hxg4 21. hxg4 Rxh1 22. Rxh1 bxc4 23. Qxc4 Qb4 24. f5 Qxc4 25. Bxc4 exf5 26. gxf5 Bf8 27. Bd5 Rc8 28. a4 Rc7 29. Rh7 Ra7 30. Kc2 Be7 31. Rh8+ Kd7 32. b3 Bd8 33. Bxf7 Ba5 34. Bd5 Bd8 35. Kd3 Be7 36. Kc4 Ra5 37. Be6+ Kc7 38. Rc8+ Kb6 39. Bd7 Ra7 40. Bb5 Rc7 41. Re8 Ka5 42. Kd5 Kb4 43. Bc4 Kc3 44. Ke6 1-0

[Event "CRO Cup 21st"]
[Site "Sibenik"]
[Date "2012.05.19"]
[Round "5.52"]
[White "Dulic, Grgur"]
[Black "Lalic, Bogdan"]
[Result "1/2-1/2"]
[WhiteElo "2272"]
[BlackElo "2507"]
[PlyCount "35"]
[EventDate "2012.05.16"]
[EventType "team-swiss"]
[EventRounds "6"]
[EventCountry "CRO"]
[SourceTitle "CBM 148 Extra"]
[Source "ChessBase"]
[SourceDate "2012.06.22"]
[SourceVersion "1"]
[SourceVersionDate "2012.06.22"]
[SourceQuality "1"]
[WhiteTeam "Beli Manastir"]
[BlackTeam "Mravince"]
[WhiteTeamCountry "CRO"]
[BlackTeamCountry "CRO"]

1. e4 e5 2. Nf3 Nc6 3. Bb5 a6 4. Bxc6 dxc6 5. 0-0 Bd6 6. d4 exd4 7. Qxd4 f6 8. Re1 Ne7 9. e5 fxe5 10. Nxe5 0-0 11. Bg5 Qe8 12. Nc4 Nf5 13. Qd2 Qg6 14. Nxd6 Nxd6 15. Bh4 Bf5 16. Na3 Rf7 17. Rac1 Rd7 18. Qg5 1/2-1/2

[Event "Zupanja op 5th"]
[Site "Zupanja"]
[Date "2011.08.21"]
[Round "9"]
[White "Dulic, Grgur"]
[Black "Ascic, Pero"]
[Result "1/2-1/2"]
[WhiteElo "2251"]
[BlackElo "2297"]
[PlyCount "133"]
[EventDate "2011.08.19"]
[EventType "swiss"]
[EventRounds "9"]
[EventCountry "CRO"]
[SourceTitle "CBM 143 Extra"]
[Source "ChessBase"]
[SourceDate "2011.08.29"]
[SourceVersion "1"]
[SourceVersionDate "2011.08.29"]
[SourceQuality "1"]

1. e4 e5 2. Nf3 Nc6 3. Bb5 a6 4. Bxc6 dxc6 5. 0-0 Qd6 6. Na3 Be6 7. Qe2 f6 8. c3 Qd7 9. d4 exd4 10. Nxd4 0-0-0 11. Be3 Qf7 12. Nxe6 Qxe6 13. Qc4 Re8 14. f3 Bxa3 15. Qxe6+ Rxe6 16. bxa3 b6 17. Rad1 Ne7 18. Bf4 c5 19. Rf2 Rd8 20. Rxd8+ Kxd8 21. Rd2+ Kc8 22. Kf2 Nc6 23. Rd5 Na5 24. Ke2 g6 25. Kd3 Nb7 26. Kc2 Nd8 27. a4 Nc6 28. Bg3 Na5 29. Kd3 Nb7 30. Kc2 Na5 31. Kd3 Nc6 32. Kc2 a5 33. Bf4 Re8 34. Bg3 h5 35. h4 c4 36. Kd1 Nd8 37. Bf2 Ne6 38. Be3 Rd8 39. Rxd8+ Kxd8 40. g4 Ke7 41. Ke2 Kd6 42. gxh5 gxh5 43. f4 Nf8 44. Kf3 Nd7 45. Bf2 c5 46. Bg3 f5 47. exf5 Nf6 48. Be1 Kd5 49. Ke3 Ne4 50. Kf3 Nf6 51. Ke3 Ng4+ 52. Kf3 Kd6 53. Ke4 Nf6+ 54. Kf3 Kc6 55. Bd2 b5 56. axb5+ Kxb5 57. Bc1 a4 58. Bd2 Kb6 59. Be1 Kb7 60. Bf2 Kc6 61. Be1 Kd5 62. Bd2 Ne4 63. Be1 Nd6 64. f6 Ke6 65. Bf2 Nb5 66. Bxc5 Nxc3 67. a3 1/2-1/2

[Event "Zupanja op 5th"]
[Site "Zupanja"]
[Date "2011.08.20"]
[Round "7"]
[White "Dulic, Grgur"]
[Black "Runic, Zoran"]
[Result "1-0"]
[WhiteElo "2251"]
[BlackElo "2388"]
[PlyCount "65"]
[EventDate "2011.08.19"]
[EventType "swiss"]
[EventRounds "9"]
[EventCountry "CRO"]
[SourceTitle "CBM 143 Extra"]
[Source "ChessBase"]
[SourceDate "2011.08.29"]
[SourceVersion "1"]
[SourceVersionDate "2011.08.29"]
[SourceQuality "1"]

1. e4 c5 2. Nc3 e6 3. Nf3 a6 4. d4 cxd4 5. Nxd4 Qc7 6. Be3 b5 7. Qd2 Nf6 8. f3 b4 9. Na4 d5 10. e5 Ng8 11. Nb3 Nd7 12. Qf2 Qxe5 13. 0-0-0 Ngf6 14. g4 Qc7 15. g5 Nh5 16. f4 Bd6 17. f5 0-0 18. Kb1 Qc6 19. Be2 Qxa4 20. Bxh5 g6 21. Be2 gxf5 22. h4 Re8 23. h5 Nf8 24. Qh4 Qd7 25. Rdg1 Qe7 26. Qh3 f4 27. g6 h6 28. gxf7+ Kxf7 29. Bd4 e5 30. Qg2 Ke6 31. Qg4+ Kf6 32. Qxf4+ Bf5 33. Qxh6+ 1-0

[Event "Split op 1st"]
[Site "Split"]
[Date "2011.08.09"]
[Round "5"]
[White "Bergez, Luc"]
[Black "Dulic, Grgur"]
[Result "1-0"]
[WhiteElo "2416"]
[BlackElo "2251"]
[PlyCount "63"]
[EventDate "2011.08.05"]
[EventType "swiss"]
[EventRounds "9"]
[EventCountry "CRO"]
[SourceTitle "CBM 143 Extra"]
[Source "ChessBase"]
[SourceDate "2011.08.29"]
[SourceVersion "1"]
[SourceVersionDate "2011.08.29"]
[SourceQuality "1"]

1. e4 Nf6 2. e5 Nd5 3. d4 d6 4. Nf3 g6 5. Bc4 Nb6 6. Bb3 Bg7 7. Qe2 d5 8. a4 a5 9. h3 0-0 10. 0-0 Na6 11. Bd2 c5 12. Bxa5 c4 13. Ba2 Nb8 14. Bxb6 Qxb6 15. Nc3 Qa5 16. Bb1 Bd7 17. Nd1 Qb6 18. Ne3 e6 19. c3 Bxa4 20. Qd2 Nd7 21. Ng4 Bb3 22. Nh6+ Bxh6 23. Qxh6 Rfe8 24. Rxa8 Rxa8 25. h4 Ba2 26. Bxa2 Rxa2 27. Qg5 Nf8 28. h5 Rxb2 29. h6 f6 30. Qxf6 Qc7 31. Ra1 Qf7 32. Ng5 1-0

[Event "Split op 1st"]
[Site "Split"]
[Date "2011.08.07"]
[Round "3"]
[White "Cvitan, Ognjen"]
[Black "Dulic, Grgur"]
[Result "1-0"]
[WhiteElo "2501"]
[BlackElo "2251"]
[PlyCount "49"]
[EventDate "2011.08.05"]
[EventType "swiss"]
[EventRounds "9"]
[EventCountry "CRO"]
[SourceTitle "CBM 143 Extra"]
[Source "ChessBase"]
[SourceDate "2011.08.29"]
[SourceVersion "1"]
[SourceVersionDate "2011.08.29"]
[SourceQuality "1"]

1. d4 Nf6 2. c4 g6 3. Nc3 d5 4. cxd5 Nxd5 5. e4 Nxc3 6. bxc3 Bg7 7. Bc4 c5 8. Ne2 0-0 9. 0-0 Nc6 10. Be3 Na5 11. Bd3 Qc7 12. Rc1 b6 13. Qd2 e6 14. Bh6 f5 15. Bxg7 Qxg7 16. Qe3 cxd4 17. cxd4 Bb7 18. Rfe1 Rac8 19. Nf4 Qd7 20. d5 fxe4 21. dxe6 Qd6 22. Rxc8 Bxc8 23. e7 Qxe7 24. Bxe4 Kh8 25. Nxg6+ 1-0

[Event "CRO-chT2 East"]
[Site "Croatia"]
[Date "2011.04.02"]
[Round "1"]
[White "Dulic, Grgur"]
[Black "Basrak, Srdjan"]
[Result "0-1"]
[WhiteElo "2224"]
[BlackElo "2260"]
[PlyCount "104"]
[EventDate "2011.04.02"]
[EventType "tourn"]
[EventRounds "11"]
[EventCountry "CRO"]
[SourceTitle "EXT 2014"]
[Source "ChessBase"]
[SourceDate "2013.11.20"]
[SourceVersion "1"]
[SourceVersionDate "2013.11.20"]
[SourceQuality "1"]

1. e4 d6 2. d4 g6 3. Nc3 Bg7 4. Be3 Nf6 5. h3 0-0 6. Nf3 a6 7. a4 Nbd7 8. a5 b5 9. axb6 cxb6 10. e5 Ne8 11. exd6 Nxd6 12. Bd3 Bb7 13. 0-0 b5 14. Re1 Re8 15. Nd2 Nb6 16. Nb3 Nbc4 17. Bc1 Qb6 18. Ne4 Bxd4 19. Bxc4 bxc4 20. Nxd4 Bxe4 21. Be3 Qxb2 22. f3 Bf5 23. Qd2 Qb7 24. Qa5 e5 25. Nxf5 Nxf5 26. Rab1 Qe7 27. Bf2 Qd8 28. Rxe5 Qxa5 29. Rxa5 Re2 30. Rc1 Rd8 31. g4 Nd4 32. Kf1 Rxc2 33. Rd1 Nc6 34. Rxd8+ Nxd8 35. Rxa6 Ne6 36. Bg3 Kf8 37. Bd6+ Ke8 38. Ra7 Rd2 39. Bb4 Rb2 40. Bc3 Rb3 41. Be5 Rxf3+ 42. Ke2 Rxh3 43. Bf6 Nf4+ 44. Kd2 Rh2+ 45. Kd1 Nd5 46. Be5 Rg2 47. Bd4 Rxg4 48. Bc5 c3 49. Ba3 Rg2 50. Ra5 Ne3+ 51. Ke1 Nc4 52. Ra8+ Kd7 0-1

[Event "Osijek-ch op"]
[Site "Osijek"]
[Date "2011.02.25"]
[Round "4"]
[White "Dulic, Grgur"]
[Black "Jovanovic, Zoran"]
[Result "0-1"]
[WhiteElo "2224"]
[BlackElo "2539"]
[PlyCount "138"]
[EventDate "2011.02.24"]
[EventType "swiss"]
[EventRounds "7"]
[EventCountry "CRO"]
[SourceTitle "EXT 2012"]
[Source "ChessBase"]
[SourceDate "2011.11.24"]
[SourceVersion "1"]
[SourceVersionDate "2011.11.24"]
[SourceQuality "1"]

1. e4 d6 2. d4 Nf6 3. Nc3 e5 4. Nf3 Nbd7 5. Bc4 Be7 6. 0-0 0-0 7. Re1 c6 8. a4 a5 9. h3 Nb6 10. Ba2 Nfd7 11. Be3 exd4 12. Bxd4 Nc5 13. Bxc5 dxc5 14. Qe2 Qd6 15. Rad1 Qh6 16. Ne5 Be6 17. Bxe6 Qxe6 18. Ng4 Rad8 19. f4 Bh4 20. Rf1 f5 21. Ne5 Bf6 22. exf5 Qxf5 23. Rxd8 Rxd8 24. Ne4 Bxe5 25. fxe5 Qxe5 26. Qf2 Qd4 27. Nxc5 Qxf2+ 28. Rxf2 Rd5 29. Ne6 Nd7 30. b3 Nf6 31. Nf4 Rd1+ 32. Rf1 Rd4 33. Nd3 b6 34. Kf2 c5 35. Rd1 Ne4+ 36. Ke3 Nc3 37. Rd2 Nd5+ 38. Ke2 c4 39. Nf2 cxb3 40. cxb3 Nc3+ 41. Ke3 Rb4 42. Rd3 Rxb3 43. Kd4 Ne2+ 44. Ke3 Nc3 45. Kd4 Rb2 46. Rxc3 Rxf2 47. g3 Ra2 48. Rc8+ Kf7 49. Rc7+ Kf8 50. Rc8+ Ke7 51. Rc7+ Kd6 52. Rxg7 Rxa4+ 53. Kc3 b5 54. Rxh7 Ra3+ 55. Kd4 Rxg3 56. Rh6+ Ke7 57. Kc5 Rb3 58. Rb6 a4 59. Ra6 a3 60. h4 Kf7 61. h5 Kg7 62. Kd5 b4 63. Ke5 Rb2 64. Kf5 a2 65. h6+ Kh7 66. Kg5 Rg2+ 67. Kh5 b3 68. Ra7+ Kh8 69. h7 Rg7 0-1

[Event "Osijek-ch op"]
[Site "Osijek"]
[Date "2011.02.25"]
[Round "3"]
[White "Masirevic, Miroljub"]
[Black "Dulic, Grgur"]
[Result "0-1"]
[WhiteElo "2040"]
[BlackElo "2224"]
[PlyCount "80"]
[EventDate "2011.02.24"]
[EventType "swiss"]
[EventRounds "7"]
[EventCountry "CRO"]
[SourceTitle "EXT 2012"]
[Source "ChessBase"]
[SourceDate "2011.11.24"]
[SourceVersion "1"]
[SourceVersionDate "2011.11.24"]
[SourceQuality "1"]

1. e4 c5 2. Nf3 Nc6 3. d4 cxd4 4. Nxd4 Nf6 5. Nxc6 bxc6 6. Bd3 g6 7. 0-0 Bg7 8. Nc3 d6 9. h3 0-0 10. Ne2 Rb8 11. c3 Qa5 12. Nd4 Bd7 13. b4 Qc7 14. Ne2 c5 15. Rb1 Bc6 16. Ng3 c4 17. Bc2 d5 18. Qe1 Nxe4 19. Nxe4 dxe4 20. Be3 f5 21. Bc5 Rfd8 22. a4 a6 23. a5 Qb7 24. Qe2 Bd5 25. Qe3 Rf8 26. Qg5 Rf7 27. Qd2 f4 28. Rfd1 e6 29. Bd6 Re8 30. Bxf4 Bxc3 31. Qe3 e5 32. Bh6 Bd4 33. Rxd4 exd4 34. Qxd4 e3 35. Bxe3 Bxg2 36. Qg4 Be4 37. Bxe4 Rxe4 38. Qg5 Qd7 39. Qg2 Qd3 40. Rf1 Rxe3 0-1

[Event "Bosnjaci op 16th"]
[Site "Bosnjaci"]
[Date "2011.01.06"]
[Round "5"]
[White "Blazeka, Matej"]
[Black "Dulic, Grgur"]
[Result "0-1"]
[WhiteElo "2123"]
[BlackElo "2224"]
[PlyCount "162"]
[EventDate "2011.01.03"]
[EventType "swiss"]
[EventRounds "9"]
[EventCountry "CRO"]
[SourceTitle "CBM 140 Extra"]
[Source "ChessBase"]
[SourceDate "2011.03.01"]
[SourceVersion "1"]
[SourceVersionDate "2011.03.01"]
[SourceQuality "1"]

1. e4 c5 2. Nf3 Nc6 3. d4 cxd4 4. Nxd4 Nf6 5. Nc3 d6 6. f3 e5 7. Nb3 Be7 8. Be3 Be6 9. Qd2 0-0 10. 0-0-0 a5 11. a4 Nb4 12. g4 Rc8 13. g5 Nd7 14. Kb1 f5 15. Bh3 g6 16. Rc1 Nc5 17. Nxc5 dxc5 18. Qxd8 Rcxd8 19. Rcd1 Nc6 20. f4 exf4 21. Bxf4 Nd4 22. Nd5 Bxd5 23. exd5 Bd6 24. Bxd6 Rxd6 25. Rhf1 Rfd8 26. Bg2 Ne6 27. h4 Nc7 28. Rd3 Kf7 29. c4 Re8 30. Bf3 Re5 31. Rd2 Na6 32. Rh2 Re3 33. h5 Kg7 34. Bd1 Rg3 35. hxg6 hxg6 36. Rfh1 Rxg5 37. Rh7+ Kf6 38. Rxb7 Rg2 39. Re1 f4 40. Rbe7 Nb4 41. Bf3 Rf2 42. Bg4 Nd3 43. R7e6+ Rxe6 44. Rxe6+ Kg5 45. d6 Rxb2+ 46. Ka1 Rd2 47. Bf3 Nb4 48. Be4 Rd4 49. Rxg6+ Kh4 50. Bf3 Nc2+ 51. Kb2 Ne3 52. Bd5 Nxd5 53. cxd5 Rxd5 54. Kc3 Rd4 55. Rh6+ Kg5 56. Re6 f3 57. Re5+ Kg4 58. Rxc5 Rxd6 59. Rc4+ Kf5 60. Rc5+ Ke4 61. Rc8 Rd5 62. Rf8 Rf5 63. Rc8 Kf4 64. Kd2 Kg3 65. Ke1 Rg5 66. Kf1 Rg4 67. Rf8 Rxa4 68. Rg8+ Rg4 69. Ra8 Ra4 70. Rg8+ Kf4 71. Rf8+ Ke3 72. Re8+ Re4 73. Ra8 a4 74. Rd8 Rd4 75. Re8+ Kd2 76. Rf8 Rd3 77. Kf2 a3 78. Rc8 Rc3 79. Ra8 Kc2 80. Ke1 Re3+ 81. Kf2 Rb3 0-1